| 000 | 00679nam a2200253 a 4500 | ||
|---|---|---|---|
| 008 | |||
| 020 | _a0632038489 (pbk.) | ||
| 049 | _aMAIN | ||
| 090 | _aTA625 | ||
| 100 | 1 | _aMuskett, John. | |
| 245 | 1 | 0 |
_aSite surveying / _cJohn Muskett. |
| 250 | _a2nd ed. | ||
| 260 |
_aOxford : _bBlackwell Science, _c1995. |
||
| 300 |
_axiv, 416 p. : _bill. ; _c23 cm. |
||
| 504 | _aIncludes bibliographical references. | ||
| 500 | _aIncludes index. | ||
| 650 | 0 | _aSurveying. | |
| 650 | 0 | _aBuilding sites. | |
| 907 |
_a.b10001542 _b15-04-04 _c17-04-03 |
||
| 003 | |||
| 005 | 20230123133510.0 | ||
| 040 | _cNUST | ||
| 942 |
_cBOOKS _kTA625 |
||
| 999 |
_c149639 _d149639 |
||